Les prénoms les plus donnés dans les familles Guitton - Statistiques

Statistiques générales
  • Ce quiz a été pris 9 fois
  • Le résultat moyen est 11 sur 24
Statistiques - réponses
Genre Réponse % Correct
Masculin Jean
88%
Féminin Marie
88%
Masculin Pierre
75%
Féminin Jeanne
63%
Masculin Louis
63%
Féminin Louise
63%
Masculin Marcel
63%
Masculin André
50%
Masculin François
50%
Féminin Marcelle
50%
Masculin Michel
50%
Masculin Paul
50%
Masculin René
50%
Féminin Thérèse
50%
Masculin Georges
38%
Féminin Henriette
38%
Masculin Henry
38%
Féminin Eugénie
25%
Féminin Germaine
25%
Masculin Joseph
25%
Féminin Joséphine
25%
Féminin Madeleine
25%
Féminin Marguerite
25%
Féminin Yvonne
25%
Aucun quiz correspondant
Distribution des résultats
% des personnes avec chaque résultat
Percentile par nombre de réponses
Votre historique - résultats
Vous n’avez pas pris ce quiz